| 000 | 00768cam a22002533a 4500 | ||
|---|---|---|---|
| 001 | 12537 | ||
| 003 | PGUSA | ||
| 005 | 20140828083252.0 | ||
| 008 | 040601s2004||||xxu|||||s|||||000 | eng d | ||
| 040 |
_aPGUSA _beng |
||
| 042 | _adc | ||
| 050 | 4 | _aDC | |
| 100 | 1 |
_aTurner, Dawson, _d1775-1858 |
|
| 245 | 1 | 0 |
_aAccount of a Tour in Normandy, Volume 1 _h[electronic resource] / _cDawson Turner |
| 260 |
_bProject Gutenberg, _c2004 |
||
| 506 | _aPublic domain in the USA. | ||
| 516 | _aElectronic text | ||
| 653 | _aNormandy (France) -- Antiquities | ||
| 653 | _aArchitecture -- France -- Normandy | ||
| 653 | _aNormandy (France) -- Description and travel | ||
| 830 | 0 |
_aProject Gutenberg _v12537 |
|
| 856 | 4 | 0 | _uhttp://www.gutenberg.org/ebooks/12537 |
| 942 | _cEB | ||
| 999 |
_c241792 _d241792 |
||